El Trabajo temporario en el sector agropecuario de América Latina /

Guardado en:
Bibliografiske detaljer
Hovedforfatter: Neffa, Julio César
Andre forfattere: Bossio, Juan Carlos colab. Dumont, Claude colab
Format: Texto
Udgivet: Ginebra: OIT
Tags: Tilføj Tag
Ingen Tags, Vær først til at tagge denne postø!

MARC

LEADER 00000 a a2200000 04500
001 24088
003
040
020 |a 92-2-305278-5  
090 |a 167800  
100 |a Neffa, Julio César  
245 |a El Trabajo temporario en el sector agropecuario de América Latina /  |c Julio César Neffa 
260 |a Ginebra:   |b OIT  
300 |a viii, 138 p   |b **no definido**  
700 |a Bossio, Juan Carlos   |a colab.   |a Dumont, Claude   |a colab  
999 |c 15316  |d 15316